El neumotórax extrapleural / (Record no. 128656)

MARC details
000 -LEADER
campo de control de longitud fija 00639nam a2200205 i 4500
001 - NÚMERO DE CONTROL
campo de control 128656
003 - IDENTIFICADOR DE NÚMERO DE CONTROL
campo de control ES-MaACL
005 - FECHA Y HORA DE LA ÚLTIMA TRANSACCIÓN
campo de control 20230906193333.0
007 - CAMPO FIJO DE DESCRIPCIÓN FÍSICA--INFORMACIÓN GENERAL
campo de control de longitud fija t|
008 - DATOS DE LONGITUD FIJA--INFORMACIÓN GENERAL
campo de control de longitud fija 070521s1947 po ||||1| por d
080 ## - NÚMERO DE LA CLASIFICACIÓN DECIMAL UNIVERSAL
Número de la Clasificación Decimal Universal 616.24-002.5-089
100 1# - ENTRADA PRINCIPAL--NOMBRE DE PERSONA
Nombre de persona Tapia, Manuel.
9 (RLIN) 109229
245 13 - MENCIÓN DEL TÍTULO
Título El neumotórax extrapleural /
Mención de responsabilidad, etc. Manuel Tapia, Luis Quintella, Anselmo Ferraz Carvalho.
260 ## - PUBLICACIÓN, DISTRIBUCIÓN, ETC.
Lugar de publicación, distribución, etc. Lisboa :
Nombre del editor, distribuidor, etc. Livraria Luso-Espanhola,
Fecha de publicación, distribución, etc. 1947.
300 ## - DESCRIPCIÓN FÍSICA
Extensión 246 p. :
Otras características físicas il. ;
Dimensiones 24 cm.
650 14 - PUNTO DE ACCESO ADICIONAL DE MATERIA--TÉRMINO DE MATERIA
Término de materia o nombre geográfico como elemento de entrada Neumotórax.
9 (RLIN) 15522
700 1# - ENTRADA AGREGADA--NOMBRE PERSONAL
Nombre de persona Quintella, Luis.
9 (RLIN) 94717
700 1# - ENTRADA AGREGADA--NOMBRE PERSONAL
Nombre de persona Ferraz Carvalho, Anselmo.
9 (RLIN) 50344
852 ## - LOCALIZACIÓN
Ubicación ES-MaACL
Número de control de estantería D-7199
Sublocalización o colección R.28825
Holdings
Estatus retirado Estado de pérdida Estado de daño No para préstamo Biblioteca de origen Biblioteca actual Ubicación en estantería Fecha de adquisición Fuente de adquisición Total de préstamos Signatura topográfica completa Código de barras Visto por última vez Precio de reemplazo Tipo de ítem Koha
        Biblioteca del Ateneo de Madrid Biblioteca del Ateneo de Madrid Sala Valle Inclán 17/01/2008     D-7199 901133988 23/02/2023 23/02/2023 Libro impreso